| 000 | 00960nam a2200241 i 4500 | ||
|---|---|---|---|
| 001 | bg | ||
| 100 | 1 | _aFORYŚ, Anna | |
| 245 | 1 | 0 |
_aOptymalizacja układów mechanicznych w warunkach rezonansu parametrycznego oraz w rezonansach autoparametrycznych / _cAnna Foryś. |
| 260 |
_aKraków : _bPK, _c1996. |
||
| 300 |
_a156 s. : _brys., wykr. ; _c24 cm. |
||
| 490 | 1 |
_aMonografia / Politechnika Krakowska im. Tadeusza Kościuszki. Podstawowe Nauki Techniczne, _x0860-097X ; _v199 |
|
| 504 | _aBibliogr. s. 140-150. - Summ., Zsfassung. | ||
| 650 | 9 |
_aDrgania _xmechanika |
|
| 650 | 9 |
_aKonstrukcje _xmechanika |
|
| 650 | 9 |
_aOptymalizacja _xstosowanie _xtechnika |
|
| 650 | 9 |
_aRównania różniczkowe _xstosowanie _xtechnika |
|
| 830 | 0 |
_aMonografia (Politechnika Krakowska im. Tadeusza Kościuszki). _pPodstawowe Nauki Techniczne |
|
| 040 | _cBPK | ||
| 041 | 0 |
_apl _bende |
|
| 080 | _a621.01:534:517.9 | ||
| 942 | _cKS | ||
| 008 | s pl f |000 0 pol | ||
| 999 |
_c31035 _d31035 |
||
| 856 |
_uhttp://koha.tu.koszalin.pl/cgi-bin/koha/opac-detail.pl?biblionumber=31035 _yKatalog online BPK |
||